• 首页
  • 本馆介绍
  • 公告通知
  • 最新文献
  • 馆藏检索
  • 电子资源
  • 读者导购
  • 参考咨询
  • 我的图书馆
  • 登录
  • 详细信息显示
  • 放入我的书架
  • 预约/预借图书
  • 作者相关作品
  • 分类相关作品
  • 丛书相关作品
  • 出版社相关作品

书目信息

  • 表格格式
  • 工作单格式
  • 卡片格式
题名:
知识经济纵横谈
    
 
作者: 路甬祥 , 汪继祥 主编
分册:  
出版信息: 北京   科学出版社  1998.9
页数: 300页
开本: 20cm
丛书名:
单 册:
中图分类: F062.3
科图分类:
主题词: 经济学--分支科学
电子资源:
ISBN: 7-03-006912-9
000 00603nam0 2200205 45
001 0104021036
005 20040421104254.7
010    @a7-03-006912-9@dCNY16.00
100    @a20010402d1998 km y0chiy0120 ea
101 0  @achi
105    @a z 000yy
200 1  @a知识经济纵横谈@AZhi Shi Jing Ji Zong Heng Tan@f路甬祥,汪继祥主编@FLu Yong Xiang,Wang Ji Xiang Zhu Bian
210    @a北京@c科学出版社@d1998.9
215    @a300页@d20cm
606 0  @a经济学@x分支科学
690    @aF062.3@v1
701  0 @a路甬祥@4主编
701  0 @a汪继祥@4主编
801    @aCN@bTSTC@c20010402
905    @dF062.3@e10@f3@b296113-115
    
    知识经济纵横谈/路甬祥,汪继祥主编.-北京:科学出版社,1998.9
    300页;20cm
    
    
    ISBN 7-03-006912-9:CNY16.00
    
●
相关链接 在E读中查询图书 在五车中查询图书 在当当中查询图书 在豆瓣中查询图书


正题名:知识经济纵横谈     索取号:F062.3/10         预约/预借

序号 登录号 条形码 馆藏地/架位号 状态 备注
1 0296113   002961138   第一借阅区/ [索取号:F062.3/10] 在馆    
2 0296114   002961147   第一借阅区/ [索取号:F062.3/10] 在馆    
3 0296115   002961156   第一借阅区/ [索取号:F062.3/10] 在馆    
4 0296116   002961165   第一借阅区/ [索取号:F062.3/10] 在馆    
5 0296117   002961174   第一样本阅览室/ [索取号:F062.3/10] 在馆    
唐山师范学院图书馆 欢迎您!
大连网信软件有限公司© 版权所有